000 00331nam a22001457a 4500
003 OSt
005 20160727222359.0
008 160623b xxu||||| |||| 00| 0 eng d
040 _cTEST
100 _9628
_aLittle, J
245 _aDifferent Dragons
260 _aCan
_bPenguin
_c1986
300 _aDifferent Dragons
942 _2ddc
_cBK
999 _c511
_d511